| 000 | 00808nam a22002297a 4500 | ||
|---|---|---|---|
| 005 | 20170124110143.0 | ||
| 010 | _aA-896731 | ||
| 020 |
_c00.00 _a0195642597 |
||
| 035 | _aA-896731 | ||
| 037 | _bCen Lib/Ret | ||
| 040 |
_aDPL _bEN |
||
| 082 |
_a634.909591 _bBRY |
||
| 100 |
_aBryant, Raymond L _932828 |
||
| 245 |
_aThe political ecology of forestry in Burma, 1824-1994 / _cby Raymond L. Bryant |
||
| 260 |
_aNew Delhi _bOxford University Press _c1997 |
||
| 270 |
_aYMCA Library Building, Jai Singh Road _bNew Delhi _e110001 |
||
| 300 |
_axiv,257p. _c22cm(Hb) _emaps |
||
| 500 | _aIncludes bibliographical references and index | ||
| 650 |
_aForests and forestry--Political aspects _932829 |
||
| 650 |
_aForests and forestry _930511 |
||
| 942 |
_2ddc _cEN _h634.909591 _mBRY |
||
| 999 |
_c131800 _d131800 |
||